000 00279nam a22001217a 4500
999 _c263393
_d263392
020 _a9780545822046
100 _aErick Luper
245 _aThe Mysterious Moonstone.
260 _aNew York
_bScholastic Inc
_c2016
300 _a111pgs
_bill
490 _aKey Hunters
942 _cBK